01157cam a22003614i 4500003000900000005001700009008004100026020001500067035002700082040003300109082002200142100003100164245004300195264005000238300003800288336002100326337002500347338002300372505020900395526001000604526001000614526001000624526001000634526000800644526000800652526000800660526000800668526000800676526000800684526000800692600004400700630005100744PE-LiUPU20250731173532.0150616s r 000 0 d a0801025729 a(Sirsi) i9780801025723 aPE-LiUPUbspacPE-LiUPUerda04a227.924bCh182211 aChamblin, J. Knox,eautor.10aPaul and The Self /cJ. Knox Chamblin. 1aGrand Rapids, Michigan :bBaker Books,c1993. a285 páginas ;c23 centímetros atext2rdacontent aunmediated2rdamedia avolume2rdacarrier0 aLearning to read Paul.- God, the self, and sin.- The saving work of Christ.- Life in the son.- The conquest of pride.- Freedom in slavery.- The christian struggle.- Power in weakness.- Life in community. aSEG42 aSEG41 aSEG40 aSEG39 aP94 aP87 aP86 aP85 aP77 aP76 aP351 aPablo de Tarso,d2 a. C -- c. 66 d. C. aBiblia.pN.T.pEpístolas de PabloxTEOLOGIA.